[Event "III Open A"]
[Site "Livorno ITA"]
[Date "2007.06.17"]
[Round "3"]
[White "Wagman, Stuart"]
[Black "Raiano, Andrea"]
[Result "1/2-1/2"]
[WhiteElo "2112"]
[BlackElo "2230"]
[PlyCount "60"]
[EventDate "2007.06.16"]

1. e4 c6 2. d4 d5 3. Nc3 dxe4 4. Nxe4 Bf5 5. Ng3 Bg6 6. h4 h6 7. h5 Bh7 8. Nf3
Nd7 9. Bd3 Bxd3 10. Qxd3 Ngf6 11. Bd2 e6 12. O-O-O Qc7 13. Ne4 Bd6 14. Nxd6+
Qxd6 15. Rh4 b5 16. Kb1 Qd5 17. b3 Rb8 18. Ka1 b4 19. Qc4 Ne4 20. Qxd5 cxd5 21.
Be1 f6 22. Ng1 Rb6 23. f3 Nd6 24. g4 Kf7 25. Rh2 Rc8 26. Kb2 a5 27. Ne2 a4 28.
bxa4 Nc4+ 29. Kb3 Na5+ 30. Kb2 Nc4+ 1/2-1/2

[Event "III Open A"]
[Site "Livorno ITA"]
[Date "2007.06.23"]
[Round "4"]
[White "Djuric, Stefan"]
[Black "Riccio, Eros"]
[Result "1-0"]
[WhiteElo "2460"]
[BlackElo "2164"]
[PlyCount "53"]
[EventDate "2007.06.16"]

1. Nf3 d5 2. g3 Nf6 3. Bg2 c6 4. O-O Bf5 5. d3 h6 6. c4 e6 7. cxd5 exd5 8. Nc3
Be7 9. Nd4 Bh7 10. e4 dxe4 11. dxe4 Nbd7 12. Bf4 Nb6 13. Nb3 Bb4 14. Qf3 O-O
15. Rad1 Qe7 16. a3 Bxc3 17. Bd6 Qe6 18. Nc5 Qc8 19. Qxc3 Re8 20. Be5 Nh5 21.
a4 f6 22. Bd6 Nd7 23. Bf3 g6 24. Bg4 f5 25. Qc4+ Kh8 26. Bxh5 Nxc5 27. Bxc5 1-0

[Event "III Open A"]
[Site "Livorno ITA"]
[Date "2007.06.23"]
[Round "4"]
[White "Frugoli, Francesco"]
[Black "Hautala, Roman"]
[Result "1/2-1/2"]
[WhiteElo "2121"]
[BlackElo "2235"]
[PlyCount "83"]
[EventDate "2007.06.16"]

1. d4 Nf6 2. Nf3 g6 3. Bg5 Bg7 4. Nbd2 O-O 5. e4 d6 6. Bd3 c6 7. O-O Qc7 8. c3
e5 9. b4 h6 10. Bh4 Nh5 11. dxe5 dxe5 12. Re1 g5 13. Bg3 Nxg3 14. hxg3 Rd8 15.
Bc4 a5 16. Qc2 b5 17. Bf1 Be6 18. Nb3 Bf8 19. Nxa5 c5 20. Qb2 g4 21. Nh4 Nc6
22. Nxc6 Qxc6 23. a3 c4 24. Qc2 Be7 25. Nf5 Bg5 26. Ne3 Ra7 27. Nd5 f5 28. Ne3
f4 29. Nd5 fxg3 30. fxg3 Rda8 31. a4 Rxa4 32. Rxa4 Rxa4 33. Be2 Qe8 34. Bd1 Ra7
35. Qf2 Rf7 36. Qb6 Bd8 37. Qd6 Bd7 38. Qxh6 Rh7 39. Nf6+ Bxf6 40. Qxf6 Qe7 41.
Rf1 Rf7 42. Qxf7+ 1/2-1/2

[Event "III Open A"]
[Site "Livorno ITA"]
[Date "2007.06.23"]
[Round "4"]
[White "Giuntoli, Andrea"]
[Black "Gazzarri, Alberto"]
[Result "1/2-1/2"]
[WhiteElo "2084"]
[BlackElo "2096"]
[PlyCount "80"]
[EventDate "2007.06.16"]

1. e4 e5 2. Nf3 Nc6 3. d4 exd4 4. Nxd4 Nf6 5. Nxc6 bxc6 6. Bd3 d5 7. Nc3 d4 8.
Ne2 Bc5 9. Bg5 h6 10. Bh4 g5 11. Bg3 Qe7 12. O-O Be6 13. Be5 Bg4 14. Bxf6 Qxf6
15. f3 Bd7 16. Qd2 Bb6 17. f4 Rg8 18. Ng3 gxf4 19. Rxf4 Qg5 20. Raf1 Be6 21.
Qe2 O-O-O 22. Kh1 Kb8 23. Bc4 Qc5 24. Bd3 Rg5 25. Nf5 Rdg8 26. g3 Rh8 27. Rh4
h5 28. g4 Rxg4 29. Rxg4 hxg4 30. Qxg4 Qe5 31. Qg3 Qa5 32. b3 Qd2 33. Qg2 Qb4
34. Qg7 Qf8 35. Qxf8+ Rxf8 36. Kg2 Rh8 37. Rh1 c5 38. h4 Ba5 39. Kf3 Bd2 40. h5
Kc8 1/2-1/2

[Event "III Open A"]
[Site "Livorno ITA"]
[Date "2007.06.23"]
[Round "4"]
[White "Raiano, Andrea"]
[Black "Gazzarri, Leonardo"]
[Result "1-0"]
[WhiteElo "2230"]
[BlackElo "1845"]
[PlyCount "79"]
[EventDate "2007.06.16"]

1. e4 e5 2. Nc3 Nf6 3. g3 Bc5 4. Bg2 Nc6 5. d3 a6 6. h3 d6 7. Nge2 Be6 8. Nd5
Bxd5 9. exd5 Ne7 10. Bg5 h6 11. Bxf6 gxf6 12. d4 Bb6 13. Qd3 Qd7 14. a4 f5 15.
a5 Ba7 16. Ra3 e4 17. Qc4 c6 18. dxc6 Nxc6 19. O-O Rc8 20. Qa4 Ke7 21. Rd1 Nb8
22. Qb3 Qc7 23. c3 Nd7 24. h4 Qc4 25. Nf4 Qxb3 26. Rxb3 Rb8 27. Bh3 Kf6 28.
Nd5+ Ke6 29. Ne3 Nf6 30. Nxf5 Kd7 31. Nxh6+ Ke8 32. Nf5 Kd7 33. c4 Kc6 34. Re3
Rbe8 35. b4 b6 36. axb6 Bxb6 37. c5 dxc5 38. dxc5 Ba7 39. Nd6 Re7 40. Ra3 1-0

[Event "III Open A"]
[Site "Livorno ITA"]
[Date "2007.06.23"]
[Round "4"]
[White "Sciortino, Massimo"]
[Black "Mrdja, Milan"]
[Result "1-0"]
[WhiteElo "2254"]
[BlackElo "2367"]
[PlyCount "61"]
[EventDate "2007.06.16"]

1. e4 c5 2. Nf3 d6 3. d4 cxd4 4. Nxd4 Nf6 5. Nc3 a6 6. Bc4 e6 7. Bb3 Be7 8. f4
O-O 9. f5 e5 10. Nde2 Nbd7 11. Bg5 b5 12. Ng3 Bb7 13. Bxf6 Nxf6 14. Nd5 Bxd5
15. Bxd5 Rc8 16. c3 Nxd5 17. Qxd5 Rc5 18. Qb7 a5 19. Rd1 Bh4 20. O-O Bxg3 21.
hxg3 Qg5 22. Rf3 b4 23. cxb4 Rc1 24. Qd5 Rxd1+ 25. Qxd1 Rc8 26. Kf2 Rc1 27. Rc3
Rxc3 28. bxc3 axb4 29. cxb4 h5 30. Qxd6 h4 31. Qxe5 1-0

[Event "III Open A"]
[Site "Livorno ITA"]
[Date "2007.06.23"]
[Round "4"]
[White "Soventi, Maurizio"]
[Black "Bardi, Massimo"]
[Result "1-0"]
[WhiteElo "1838"]
[BlackElo "2072"]
[PlyCount "91"]
[EventDate "2007.06.16"]

1. e4 e5 2. Nf3 d6 3. d4 exd4 4. Nxd4 Nf6 5. Nc3 Be7 6. Bc4 O-O 7. O-O Re8 8.
Nde2 Nc6 9. Nf4 Bf8 10. Re1 Ne5 11. Bb3 Bg4 12. f3 Bd7 13. Nfd5 c6 14. Nxf6+
Qxf6 15. Be3 Qg6 16. Qe2 Be6 17. Qf2 b6 18. Ne2 Bxb3 19. axb3 f5 20. Nf4 Qf7
21. Bd4 fxe4 22. Rxe4 Nd7 23. Rxe8 Rxe8 24. Nd3 Nc5 25. Nxc5 dxc5 26. Bc3 a5
27. Qf1 Rd8 28. Re1 Qh5 29. Qe2 Bd6 30. g3 Qg5 31. Qe6+ Kf8 32. Rd1 c4 33. f4
Qh5 34. Rf1 Bc5+ 35. Kh1 cxb3 36. g4 Qh3 37. Qe2 bxc2 38. Re1 Qe3 39. Qxc2 Qf3+
40. Qg2 Rd3 41. Qxf3 Rxf3 42. f5 Re3 43. Rf1 Re2 44. f6 g6 45. Rd1 h5 46. Rd8+
1-0

[Event "III Open A"]
[Site "Livorno ITA"]
[Date "2007.06.23"]
[Round "4"]
[White "Valbuena, Oliver"]
[Black "Corso, Roberto"]
[Result "0-1"]
[WhiteElo "1936"]
[BlackElo "2101"]
[PlyCount "30"]
[EventDate "2007.06.16"]

1. c4 c6 2. Nf3 d5 3. e3 Nf6 4. b3 Bg4 5. Bb2 e6 6. Be2 Nbd7 7. O-O Bd6 8. h3
h5 9. d4 Ne4 10. Ne5 Bxh3 11. Nxf7 Kxf7 12. Bxh5+ g6 13. Qf3+ Bf5 14. Bg4 Qh4
15. Bh3 Ng5 0-1

[Event "III Open A"]
[Site "Livorno ITA"]
[Date "2007.06.23"]
[Round "4"]
[White "Vrami, Ymer"]
[Black "Wagman, Stuart"]
[Result "0-1"]
[WhiteElo "1706"]
[BlackElo "2112"]
[PlyCount "62"]
[EventDate "2007.06.16"]

1. d4 d5 2. Nf3 Nf6 3. g3 c5 4. c3 e6 5. Bg2 Nc6 6. Bg5 h6 7. Bf4 Qb6 8. b3
cxd4 9. cxd4 Bb4+ 10. Nbd2 Nxd4 11. O-O Nxf3+ 12. Nxf3 O-O 13. Be5 Ne4 14. e3
Bd7 15. Bd4 Qa5 16. a4 Rfc8 17. Ne5 Be8 18. Bxe4 dxe4 19. Rc1 f6 20. Nc4 Qd5
21. Bc3 Bxc3 22. Rxc3 Bh5 23. g4 Qxd1 24. Rxd1 Bxg4 25. Rdc1 e5 26. Nd6 Rxc3
27. Rxc3 Rd8 28. Nxb7 Rd1+ 29. Kg2 Bf3+ 30. Kh3 Rg1 31. Nd6 Bg4+ 0-1

[Event "III Open A"]
[Site "Livorno ITA"]
[Date "2007.06.24"]
[Round "5"]
[White "Bardi, Massimo"]
[Black "Gazzarri, Alberto"]
[Result "1/2-1/2"]
[WhiteElo "2072"]
[BlackElo "2096"]
[PlyCount "32"]
[EventDate "2007.06.16"]

1. e4 e5 2. Nf3 Nc6 3. Nc3 Nf6 4. d4 exd4 5. Nxd4 Bb4 6. Nxc6 bxc6 7. Bd2 O-O
8. Bd3 Re8 9. O-O d5 10. Nxd5 Nxd5 11. exd5 Bxd2 12. Qxd2 cxd5 13. Bb5 Re6 14.
Rfe1 Rxe1+ 15. Rxe1 Be6 16. Rd1 Qd6 1/2-1/2

[Event "III Open A"]
[Site "Livorno ITA"]
[Date "2007.06.24"]
[Round "5"]
[White "Corso, Roberto"]
[Black "Franceschi, Riccardo"]
[Result "1/2-1/2"]
[WhiteElo "2101"]
[BlackElo "2196"]
[PlyCount "23"]
[EventDate "2007.06.16"]

1. d4 c6 2. c4 d5 3. Nc3 Nf6 4. Nf3 e6 5. Bg5 dxc4 6. e4 b5 7. a4 b4 8. Nb1 Ba6
9. Qc1 Qb6 10. Bxf6 gxf6 11. Bxc4 Bg7 12. O-O 1/2-1/2

[Event "III Open A"]
[Site "Livorno ITA"]
[Date "2007.06.24"]
[Round "5"]
[White "Gazzarri, Leonardo"]
[Black "Vrami, Ymer"]
[Result "1-0"]
[WhiteElo "1845"]
[BlackElo "1706"]
[PlyCount "145"]
[EventDate "2007.06.16"]

1. e4 d6 2. d4 g6 3. Nc3 c6 4. Bc4 Bg7 5. Be3 Nf6 6. Nf3 O-O 7. Bb3 Bg4 8. h3
Bxf3 9. Qxf3 a5 10. O-O Nbd7 11. Rad1 Qc7 12. Rfe1 b5 13. a4 b4 14. Ne2 c5 15.
dxc5 Nxc5 16. Bxc5 Qxc5 17. Nf4 Rac8 18. Nd3 Qc7 19. e5 dxe5 20. Nxe5 e6 21.
Nd3 Nd7 22. Qe4 Nc5 23. Nxc5 Qxc5 24. Rb1 Rfd8 25. Qe2 Rd4 26. Red1 Rcd8 27.
Rxd4 Qxd4 28. Bc4 Be5 29. b3 Bc7 30. Bd3 Qf4 31. g3 Qd4 32. Qf3 f5 33. Bc4 Kf7
34. Re1 Re8 35. Rd1 Qe5 36. Rd7+ Re7 37. Qc6 Qe1+ 38. Kg2 Qe4+ 39. Qxe4 fxe4
40. Rd4 Kf6 41. Rxe4 e5 42. f3 Rd7 43. Bd3 h6 44. Rc4 h5 45. Rc6+ Bd6 46. Ra6
g5 47. Rxa5 h4 48. g4 Rc7 49. Ra6 Ke7 50. Kf2 Rc8 51. Ke3 Rf8 52. Ra7+ Kf6 53.
Ke4 Rd8 54. Ra6 Ke7 55. Bc4 Bc7 56. Re6+ Kd7 57. Kf5 Rf8+ 58. Rf6 Rxf6+ 59.
Kxf6 Bd8+ 60. Kxe5 Kc6 61. Kf5 Kd6 62. f4 gxf4 63. Kxf4 Bf6 64. g5 Bd4 65. Kg4
Bf2 66. g6 Bd4 67. Kxh4 Ke7 68. Kg5 Be3+ 69. Kf5 Bh6 70. h4 Bg7 71. h5 Bh6 72.
a5 Be3 73. g7 1-0

[Event "III Open A"]
[Site "Livorno ITA"]
[Date "2007.06.24"]
[Round "5"]
[White "Hautala, Roman"]
[Black "Raiano, Andrea"]
[Result "1-0"]
[WhiteElo "2235"]
[BlackElo "2230"]
[PlyCount "93"]
[EventDate "2007.06.16"]

1. e4 c6 2. d4 d5 3. Nc3 dxe4 4. Nxe4 Bf5 5. Ng3 Bg6 6. h4 h6 7. Nf3 Nd7 8. h5
Bh7 9. Bd3 Bxd3 10. Qxd3 Ngf6 11. Bd2 e6 12. O-O-O Qc7 13. Ne4 Bd6 14. g3 O-O-O
15. c4 Nxe4 16. Qxe4 Nf6 17. Qc2 c5 18. d5 b5 19. dxe6 Qc6 20. e7 Rd7 21. Nh4
Rxe7 22. cxb5 Qe4 23. Nf5 Qxc2+ 24. Kxc2 Re6 25. Rhe1 Bf8 26. Ba5 Rxe1 27. Rxe1
Kd7 28. Rh1 Ne4 29. f3 Nd6 30. Nxd6 Bxd6 31. g4 Be5 32. Rd1+ Ke6 33. Bc3 f6 34.
Kb3 Bd6 35. Kc4 Rf8 36. a4 Rf7 37. Rd5 f5 38. gxf5+ Rxf5 39. Rxf5 Kxf5 40. Bxg7
Kg5 41. a5 Kxh5 42. Kd5 Bc7 43. b6 axb6 44. a6 Bb8 45. Kc6 Kg6 46. Bc3 h5 47.
Be1 1-0

[Event "III Open A"]
[Site "Livorno ITA"]
[Date "2007.06.24"]
[Round "5"]
[White "Riccio, Eros"]
[Black "Wagman, Stuart"]
[Result "1-0"]
[WhiteElo "2164"]
[BlackElo "2112"]
[PlyCount "53"]
[EventDate "2007.06.16"]

1. d4 d5 2. Nf3 Nf6 3. c3 e6 4. Bf4 Bd6 5. Bg3 O-O 6. e3 c6 7. Bd3 Qc7 8. Ne5
Nbd7 9. f4 Re8 10. Nd2 Nf8 11. Qf3 b6 12. O-O a5 13. Bh4 Ba6 14. Bxa6 Rxa6 15.
Bxf6 gxf6 16. Ng4 Qe7 17. e4 Nd7 18. e5 Bc7 19. Nh6+ Kh8 20. Qh5 Rf8 21. Rf3 f5
22. Rh3 f6 23. Rf1 Raa8 24. Rh4 fxe5 25. fxe5 Bd8 26. Rh3 Qg5 27. Nf7+ 1-0

[Event "III Open A"]
[Site "Livorno ITA"]
[Date "2007.06.24"]
[Round "5"]
[White "Sciortino, Massimo"]
[Black "Djuric, Stefan"]
[Result "1/2-1/2"]
[WhiteElo "2254"]
[BlackElo "2460"]
[PlyCount "30"]
[EventDate "2007.06.16"]

1. e4 c5 2. Nf3 Nc6 3. d4 cxd4 4. Nxd4 e6 5. Nc3 Qc7 6. f4 a6 7. Be3 b5 8. e5
Bb7 9. Qd2 Nh6 10. O-O-O Nxd4 11. Bxd4 Bc6 12. Bd3 b4 13. Ne4 Nf5 14. Bf2 Qa5
15. Kb1 Bd5 1/2-1/2

[Event "III Open A"]
[Site "Livorno ITA"]
[Date "2007.06.24"]
[Round "5"]
[White "Soventi, Maurizio"]
[Black "Contini, Davide"]
[Result "0-1"]
[WhiteElo "1838"]
[BlackElo "2167"]
[PlyCount "74"]
[EventDate "2007.06.16"]

1. e4 e5 2. Nf3 Nf6 3. Nc3 Nc6 4. Bb5 Bc5 5. O-O O-O 6. Bxc6 dxc6 7. d3 Bg4 8.
Bg5 Qd6 9. h3 Bh5 10. Na4 Bb4 11. a3 Ba5 12. b4 Bb6 13. Nxb6 cxb6 14. Qe2 c5
15. b5 a6 16. a4 axb5 17. axb5 Ra5 18. Rfb1 Rfa8 19. Rxa5 bxa5 20. Bd2 b6 21.
g4 Bg6 22. Bc3 Nd7 23. Nh4 Qf6 24. Nf5 Re8 25. f4 Bxf5 26. gxf5 Qh4 27. Qg2
Qxf4 28. Rf1 Qh6 29. Bd2 Qh5 30. f6 Qg6 31. fxg7 Kxg7 32. Rf5 Qxg2+ 33. Kxg2
Re6 34. Rg5+ Rg6 35. Kf3 f6 36. Rg4 Nf8 37. Bc3 Ne6 0-1

[Event "III Open A"]
[Site "Livorno ITA"]
[Date "2007.06.24"]
[Round "5"]
[White "Valbuena, Oliver"]
[Black "Giuntoli, Andrea"]
[Result "1/2-1/2"]
[WhiteElo "1936"]
[BlackElo "2084"]
[PlyCount "95"]
[EventDate "2007.06.16"]

1. e4 e5 2. f4 Nf6 3. Nc3 d5 4. exd5 Nxd5 5. Nxd5 Qxd5 6. fxe5 Qxe5+ 7. Qe2 Bd6
8. Nf3 Qxe2+ 9. Bxe2 Nc6 10. d4 Nb4 11. Bd3 Nxd3+ 12. cxd3 Bf5 13. Kd2 O-O-O
14. Kc2 Rhe8 15. Bd2 Re2 16. Rhg1 Rde8 17. Rae1 Bf4 18. Kd1 Rxe1+ 19. Rxe1
Rxe1+ 20. Kxe1 Bxd2+ 21. Kxd2 f6 22. Kc3 Kd7 23. d5 Kd6 24. Kd4 c6 25. dxc6
bxc6 26. b4 g5 27. Nd2 Be6 28. Ne4+ Ke7 29. a3 h6 30. g3 Bd5 31. Nc3 Bf3 32.
Na4 Kd6 33. Nb2 f5 34. Nc4+ Ke6 35. Ne5 Bd5 36. a4 f4 37. gxf4 gxf4 38. Ng4 h5
39. Nf2 Kf5 40. a5 f3 41. b5 Ke6 42. b6 axb6 43. axb6 Kd6 44. Ke3 c5 45. Ne4+
Bxe4 46. dxe4 Kc6 47. Kxf3 Kxb6 48. e5 1/2-1/2

[Event "III Open A"]
[Site "Livorno ITA"]
[Date "2007.06.24"]
[Round "6"]
[White "Bardi, Massimo"]
[Black "Valbuena, Oliver"]
[Result "1-0"]
[WhiteElo "2072"]
[BlackElo "1936"]
[PlyCount "57"]
[EventDate "2007.06.16"]

1. e4 c5 2. Nf3 e6 3. c4 a6 4. Nc3 Qc7 5. g3 d6 6. Bg2 Nd7 7. O-O b6 8. b3 Bb7
9. Bb2 Ngf6 10. Re1 Be7 11. d4 cxd4 12. Nxd4 h5 13. Qe2 h4 14. Nd5 exd5 15.
exd5 Ne5 16. f4 hxg3 17. fxe5 dxe5 18. Nf5 Bc5+ 19. Kf1 gxh2 20. Bxe5 Qd7 21.
Bxf6+ Kf8 22. Bxg7+ Kg8 23. Qg4 h1=Q+ 24. Bxh1 Rxh1+ 25. Kg2 Bxd5+ 26. Kg3 Bf2+
27. Kxf2 Rh2+ 28. Ke3 Re8+ 29. Be5+ 1-0

[Event "III Open A"]
[Site "Livorno ITA"]
[Date "2007.06.24"]
[Round "6"]
[White "Djuric, Stefan"]
[Black "Gazzarri, Leonardo"]
[Result "1-0"]
[WhiteElo "2460"]
[BlackElo "1845"]
[PlyCount "62"]
[EventDate "2007.06.16"]

1. d4 Nf6 2. g3 g6 3. Bg2 d6 4. Nf3 Bg7 5. O-O O-O 6. Re1 Nbd7 7. d5 e5 8. e4
Ne8 9. Nc3 f5 10. exf5 gxf5 11. Ng5 Nb6 12. a4 Bd7 13. a5 Nc8 14. a6 bxa6 15.
Ne6 Bxe6 16. dxe6 Rb8 17. Rxa6 Kh8 18. Nd5 Ne7 19. Rxa7 Nxd5 20. Bxd5 Qe7 21.
b3 f4 22. Kh1 Rd8 23. c4 Nf6 24. gxf4 exf4 25. Bf3 Ng8 26. Qd5 Be5 27. Ba3 Qh4
28. Rxc7 Qxf2 29. Qe4 Qh4 30. Rg1 Ra8 31. Rf7 Rfe8 1-0

[Event "III Open A"]
[Site "Livorno ITA"]
[Date "2007.06.24"]
[Round "6"]
[White "Franceschi, Riccardo"]
[Black "Frugoli, Francesco"]
[Result "1/2-1/2"]
[WhiteElo "2196"]
[BlackElo "2121"]
[PlyCount "86"]
[EventDate "2007.06.16"]

1. e4 e5 2. Nf3 Nc6 3. Bb5 Nf6 4. O-O Nxe4 5. Re1 Nd6 6. Bxc6 dxc6 7. Nxe5 Be7
8. Nc3 O-O 9. d3 Bf6 10. Bf4 Re8 11. Qd2 Bf5 12. Rad1 Bxe5 13. Bxe5 Qd7 14. Bg3
Rxe1+ 15. Rxe1 Re8 16. Kf1 Re6 17. Rxe6 Qxe6 18. Qe3 Qxe3 19. fxe3 Be6 20. a3
Kf8 21. Ke2 Ke7 22. Kf3 h6 23. e4 f5 24. exf5 Bxf5 25. Bf2 b6 26. Bd4 g6 27. g4
Be6 28. Bg7 h5 29. h3 hxg4+ 30. hxg4 c5 31. b3 c6 32. Be5 Nb5 33. Nxb5 cxb5 34.
Bb8 c4 35. bxc4 bxc4 36. Bxa7 cxd3 37. cxd3 b5 38. Bc5+ Kd7 39. g5 Kc6 40. Be7
Kd5 41. Ke3 Bf5 42. Kd2 Be6 43. Kc3 Bg4 1/2-1/2

[Event "III Open A"]
[Site "Livorno ITA"]
[Date "2007.06.24"]
[Round "6"]
[White "Gazzarri, Alberto"]
[Black "Corso, Roberto"]
[Result "1/2-1/2"]
[WhiteElo "2096"]
[BlackElo "2101"]
[PlyCount "62"]
[EventDate "2007.06.16"]

1. e4 c6 2. d4 d5 3. e5 c5 4. c3 Nc6 5. Nf3 Bg4 6. Be2 e6 7. O-O Nge7 8. h3
Bxf3 9. Bxf3 cxd4 10. cxd4 Nf5 11. Be3 Qb6 12. Nc3 Nfxd4 13. Kh1 Qb4 14. Bg4 h5
15. Bxh5 Nf5 16. Nxd5 exd5 17. Bxf7+ Kxf7 18. Qxd5+ Ke8 19. Rad1 Nfe7 20. Qd7+
Kf7 21. Rd6 Kg8 22. Qe6+ Kh7 23. Rfd1 Qxb2 24. Qf7 Nf5 25. Qxf5+ Kg8 26. Qe6+
Kh7 27. Qf7 Bxd6 28. Rxd6 Qa1+ 29. Kh2 Qxe5+ 30. Bf4 Qxd6 31. Bxd6 Rhe8 1/2-1/2

[Event "III Open A"]
[Site "Livorno ITA"]
[Date "2007.06.24"]
[Round "6"]
[White "Giuntoli, Andrea"]
[Black "Vrami, Ymer"]
[Result "1-0"]
[WhiteElo "2084"]
[BlackElo "1706"]
[PlyCount "63"]
[EventDate "2007.06.16"]

1. e4 d6 2. d4 g6 3. Be3 Bg7 4. Bd3 Nf6 5. h3 b6 6. Ne2 O-O 7. Qd2 Nbd7 8. c3
Bb7 9. Ng3 e5 10. d5 Nc5 11. Bc2 Ba6 12. a4 h5 13. f3 h4 14. Ne2 Bxe2 15. Kxe2
Nh5 16. Kd1 Ng3 17. Rg1 f5 18. Bf2 f4 19. b4 Nb7 20. Bxg3 fxg3 21. Na3 Kh7 22.
Nc4 Bh6 23. Ne3 a5 24. Ke2 axb4 25. cxb4 Qd7 26. Qd3 Bf4 27. Ra3 Rfc8 28. Rd1
c5 29. dxc6 Qxc6 30. Bb3 Bxe3 31. Kxe3 Qc3 32. Bg8+ 1-0

[Event "III Open A"]
[Site "Livorno ITA"]
[Date "2007.06.24"]
[Round "6"]
[White "Hautala, Roman"]
[Black "Sciortino, Massimo"]
[Result "0-1"]
[WhiteElo "2235"]
[BlackElo "2254"]
[PlyCount "70"]
[EventDate "2007.06.16"]

1. e4 e5 2. Nf3 Nc6 3. Bb5 a6 4. Bxc6 dxc6 5. O-O Bg4 6. h3 h5 7. d3 Qf6 8.
Nbd2 Ne7 9. Re1 Ng6 10. d4 Nf4 11. hxg4 hxg4 12. g3 gxf3 13. Qxf3 Ne6 14. dxe5
Qh6 15. Qg2 g5 16. Nf3 Be7 17. Rd1 Qg6 18. Nd4 O-O-O 19. Be3 Qh5 20. g4 Qh7 21.
Nxe6 fxe6 22. Rxd8+ Rxd8 23. f3 Qg7 24. Qg3 Bb4 25. c3 Ba5 26. Rf1 Rd3 27. Bd4
Qf8 28. Kg2 c5 29. Bg1 c4 30. Qh2 Rd2+ 31. Rf2 Rd1 32. Re2 Rd3 33. Be3 Bb6 34.
Kf2 Kb8 35. Qh5 Rxe3 0-1

[Event "III Open A"]
[Site "Livorno ITA"]
[Date "2007.06.24"]
[Round "6"]
[White "Riccio, Eros"]
[Black "Mrdja, Milan"]
[Result "0-1"]
[WhiteElo "2164"]
[BlackElo "2367"]
[PlyCount "114"]
[EventDate "2007.06.16"]

1. e4 c5 2. Nf3 d6 3. d4 cxd4 4. Nxd4 Nf6 5. Nc3 a6 6. Be3 Ng4 7. Bg5 h6 8. Bh4
g5 9. Bg3 Bg7 10. Be2 h5 11. h3 h4 12. hxg4 hxg3 13. Rxh8+ Bxh8 14. fxg3 Be5
15. Qd3 Nc6 16. Nxc6 bxc6 17. b4 a5 18. b5 cxb5 19. O-O-O b4 20. Nd5 e6 21. Ne3
Ba6 22. Nc4 Qc7 23. Qb3 Ke7 24. Nxe5 Bxe2 25. Qe3 Rg8 26. Qxe2 dxe5 27. Qd2 Kf6
28. Rh1 Kg6 29. Rf1 f6 30. Rf3 Qc4 31. Qf2 Rf8 32. Qa7 Rc8 33. Qf2 Rf8 34. Qa7
Qxe4 35. Qe7 Qa8 36. Qxe6 Rf7 37. Qf5+ Kg7 38. Rd3 Qe8 39. Rd1 Rc7 40. Rd6 Qf7
41. Kb1 Re7 42. Qe4 Qg6 43. Qe2 e4 44. Qe3 Qf7 45. Kb2 Qc4 46. Rd2 Qe6 47. Rf2
Qe5+ 48. Kb1 Rd7 49. Rf1 a4 50. Re1 a3 51. Qb3 e3 52. Qxb4 e2 53. c4 Qe4+ 54.
Kc1 Qe3+ 55. Kc2 Qd3+ 56. Kc1 Qd1+ 57. Rxd1 exd1=Q# 0-1

[Event "III Festival A"]
[Site "Jesolo ITA"]
[Date "2007.06.17"]
[Round "1"]
[White "Drasko, Milan"]
[Black "Cavallini, Gianfranco"]
[Result "1-0"]
[WhiteElo "2543"]
[BlackElo "2065"]
[PlyCount "45"]
[EventDate "2007.06.17"]

1. d4 g6 2. Nf3 c6 3. g3 Bg7 4. Bg2 d6 5. O-O Nd7 6. c4 Qb6 7. b3 e6 8. e4 Ne7
9. Nc3 Qa6 10. Re1 O-O 11. Bg5 f6 12. Be3 Qa5 13. Qd2 b5 14. cxb5 cxb5 15. b4
Qa6 16. Bf1 Qb7 17. Nxb5 Qxe4 18. Nxd6 Qg4 19. Bg2 Nb6 20. Rac1 Ba6 21. Rc5 e5
22. dxe5 fxe5 23. Ng5 1-0

[Event "III Festival A"]
[Site "Jesolo ITA"]
[Date "2007.06.17"]
[Round "1"]
[White "Rotstein, Arkadij"]
[Black "Verducci, Gianni"]
[Result "1-0"]
[WhiteElo "2537"]
[BlackElo "2030"]
[PlyCount "55"]
[EventDate "2007.06.17"]

1. Nf3 Nf6 2. c4 c5 3. d4 cxd4 4. Nxd4 Nc6 5. Nc3 g6 6. e4 Bg7 7. Be3 O-O 8.
Be2 d6 9. f3 a6 10. Qd2 Qc7 11. Rc1 e6 12. O-O Bd7 13. Rfd1 Rad8 14. Nb3 Be8
15. Bf1 Na5 16. e5 Nxb3 17. axb3 Nd7 18. exd6 Qa5 19. Ne4 Qa2 20. Rc3 f5 21.
Ng5 Bf7 22. c5 Ne5 23. Bd4 Nc6 24. Bxg7 Kxg7 25. Bc4 Rfe8 26. Re3 Na5 27. Qc3+
Kg8 28. Qf6 1-0

[Event "XXVI Mitropa Cup"]
[Site "Szeged HUN"]
[Date "2007.05.15"]
[Round "8.1"]
[White "Bernasek, Jan"]
[Black "Godena, Michele"]
[Result "1/2-1/2"]
[WhiteElo "2509"]
[BlackElo "2558"]
[Annotator "ITA-CZE"]
[PlyCount "176"]
[EventDate "2007.05.08"]

1. d4 d5 2. c4 c6 3. Nf3 Nf6 4. e3 e6 5. Bd3 Nbd7 6. O-O Bd6 7. Nc3 O-O 8. e4
dxc4 9. Bxc4 e5 10. Bg5 Qe7 11. Bb3 Rd8 12. d5 h6 13. Bh4 Nf8 14. Nd2 Ng6 15.
Bg3 Bb4 16. Ndb1 Nf4 17. a3 Ba5 18. Bxf4 exf4 19. Qf3 Qe5 20. h3 cxd5 21. exd5
Bf5 22. Nd2 Bxc3 23. bxc3 Nxd5 24. Rfe1 Qxc3 25. Bxd5 Qxf3 26. Bxf3 Rxd2 27.
Bxb7 Rb8 28. Re7 Rd7 29. Rxd7 Bxd7 30. Bd5 Bf5 31. Rc1 Rb1 32. Rxb1 Bxb1 33. g3
fxg3 34. fxg3 g5 35. h4 gxh4 36. gxh4 Kf8 37. Kf2 Ke7 38. Ke3 f6 39. Kf4 Bg6
40. Bf3 Kd6 41. Bg4 Bf7 42. Be2 Be6 43. Bd3 a5 44. Bf5 Bb3 45. Bg6 Ke7 46. Kg4
Bd1+ 47. Kf4 Be2 48. Bc2 Kf7 49. Bf5 Bh5 50. Bc2 Bg6 51. Bb3+ Ke7 52. Bd1 Kd6
53. Bg4 Be8 54. Bc8 Bg6 55. Bf5 Bf7 56. Bc2 Be6 57. Bf5 Ke7 58. Bg6 Bd7 59. Bc2
a4 60. Bd3 Kd6 61. Bg6 Be6 62. Bc2 Bd7 63. Bf5 Be6 64. Bg6 Bb3 65. Kf5 Ke7 66.
Kf4 Kf8 67. Kf5 Ke7 68. Kf4 Bd1 69. Bd3 Ke6 70. Bg6 Ke7 71. Bd3 Kf7 72. Bf5 Bb3
73. Bg4 Kg6 74. Bf3 Bc2 75. Be2 Bb3 76. Bf3 Kf7 77. Bg4 Ke7 78. Bf5 Be6 79. Bc2
Bd7 80. Bf5 Bxf5 81. Kxf5 Kf7 82. h5 Ke7 83. Kg6 Ke6 84. Kxh6 Kf7 85. Kh7 f5
86. h6 f4 87. Kh8 f3 88. h7 f2 1/2-1/2

[Event "VII Festival Piemonte Scacchi A"]
[Site "Torino ITA"]
[Date "2007.06.21"]
[Round "1"]
[White "D'Amato, Piergiorgio"]
[Black "Ragni, Paolo"]
[Result "0-1"]
[WhiteElo "1938"]
[BlackElo "2159"]
[PlyCount "108"]
[EventDate "2007.06.21"]

1. e4 c5 2. Nf3 Nc6 3. d4 cxd4 4. Nxd4 Nf6 5. Nc3 d6 6. Be2 e5 7. Ndb5 a6 8.
Na3 Be6 9. Bg5 Be7 10. Bxf6 Bxf6 11. O-O O-O 12. Nd5 Bg5 13. c3 Ne7 14. Bc4 Rc8
15. Bb3 Rc5 16. Nb4 Qd7 17. Nd3 Rcc8 18. Nc4 Bxc4 19. Bxc4 Qc6 20. Bb3 Qxe4 21.
Re1 Qc6 22. f4 exf4 23. Nxf4 Bxf4 24. Rxe7 Rce8 25. Qe2 Be5 26. Rxe8 Rxe8 27.
Qd3 Re7 28. Rf1 g6 29. Qh3 Kg7 30. Qh4 f6 31. Qc4 Qxc4 32. Bxc4 f5 33. Rf3 Rc7
34. Bd5 b6 35. h3 Rc5 36. Rd3 Kf6 37. Kf2 Rb5 38. Bb3 Rc5 39. Kf3 h5 40. g4
hxg4+ 41. hxg4 Rc7 42. gxf5 gxf5 43. Rd2 Rh7 44. Rg2 Rh3+ 45. Kf2 Rh1 46. Kf3
Rb1 47. Bc4 a5 48. Rd2 Rh1 49. Rg2 Rh3+ 50. Kf2 Bf4 51. Kg1 Be3+ 52. Kf1 f4 53.
Bd3 f3 54. Rg6+ Kf7 0-1

[Event "VII Festival Piemonte Scacchi A"]
[Site "Torino ITA"]
[Date "2007.06.21"]
[Round "1"]
[White "Fittante, Giuliana"]
[Black "Parodi, Alessandro"]
[Result "0-1"]
[WhiteElo "1839"]
[BlackElo "1988"]
[PlyCount "76"]
[EventDate "2007.06.21"]

1. d4 Nf6 2. g3 g6 3. Bg2 Bg7 4. c4 O-O 5. Nc3 d6 6. Nf3 Na6 7. O-O c5 8. d5 e6
9. dxe6 Bxe6 10. Nd2 Rb8 11. b3 d5 12. Bb2 dxc4 13. Nxc4 b5 14. Ne5 Qb6 15. Qc2
Nb4 16. Qc1 Rfd8 17. a4 a6 18. axb5 axb5 19. Ba3 Nfd5 20. Nxd5 Bxd5 21. Bb2
Bxb3 22. Bc3 Bd5 23. Qb2 Bxg2 24. Kxg2 Nd5 25. Ba5 Qb7 26. e4 Re8 27. f4 Ne3+
28. Kg1 Nxf1 29. Rxf1 Qxe4 30. Bc7 Rb7 31. Bd6 Qd5 32. Qg2 Qxg2+ 33. Kxg2 Bxe5
34. fxe5 c4 35. Rc1 Ra8 36. Kf3 b4 37. Rxc4 b3 38. Rc1 b2 0-1